Advances in economic theory : Sixth World Congress

Αποθηκεύτηκε σε:
Λεπτομέρειες βιβλιογραφικής εγγραφής
Συγγραφή απο Οργανισμό/Αρχή: Econometric Society World Congress
Άλλοι συγγραφείς: Laffont, Jean-Jacques 1947- (Επιμελητής έκδοσης), Sims, Christopher A. (Επιμελητής έκδοσης)
Μορφή: Βιβλίο
Γλώσσα:English
Δημοσίευση: Cambridge [England] : New York : Cambridge University Press, 1992
Σειρά:Econometric Society monographs ; ; 20 ; 21
Θέματα:
Ετικέτες: Προσθήκη ετικέτας
Δεν υπάρχουν, Καταχωρήστε ετικέτα πρώτοι!

MARC

LEADER 00000cam a2200000 i 4500
001 1/32316
008 950804s1992 eng d
020 |a 0521416663 (v.1) 
020 |a 0521416663 (v.2) 
035 |l 10023738 
040 |a GR-MY-UA  |b gre  |e aacr 
041 0 |a eng 
082 0 |a 330.015195 
110 1 |a Econometric Society  |b World Congress. 
245 1 0 |a Advances in economic theory :  |b Sixth World Congress /  |c edited by Jean-Jacques Laffont, Christopher A. Sims 
260 |a Cambridge [England] :   |a New York :   |b Cambridge University Press,   |c 1992 
300 |a 2 v.;  |b ill.;  |c 24 cm 
490 1 |a Econometric Society monographs  |v ; 20  |v ; 21 
500 |a Papers and discussions presented at the sixth World Congress of the Econometric Society in Barcelona, Spain, August, 1990 
504 |a Includes bibliographical references 
650 0 0 |a Economics  |x Congresses. 
700 1 |a Laffont, Jean-Jacques  |d 1947-  |4 edt 
700 1 |a Sims, Christopher A.  |4 edt 
830 0 |a Econometric Society monographs ;  |v ; 20  |v ; 21 
852 |a INST  |b CHIOS  |e 19960123  |h 330.015195 ADV  |p 005200001769  |q 005200001769  |t BK  |y 0  |z Vol.II 
852 |a INST  |b CHIOS  |e 19960123  |h 330.015195 ADV  |p 005200001821  |q 005200001821  |t BK  |y 12  |z Vol.II 
852 |a INST  |b CHIOS  |e 19950804  |h 330.015195 ADV  |p 005200003171  |q 005200003171  |t BK  |y 0  |z Vol.I 
852 |a INST  |b CHIOS  |e 19950804  |h 330.015195 ADV  |p 005200003172  |q 005200003172  |t BK  |y 0  |z Vol.II 
852 |a INST  |b CHIOS  |e 19960123  |h 330.015195 ADV  |p 005200001769  |q 005200001769  |t BK  |v Vol.II:  |y 0  |z Vol.II 
852 |a INST  |b CHIOS  |e 19960123  |h 330.015195 ADV  |p 005200001821  |q 005200001821  |t BK  |v Vol.II:  |y 12  |z Vol.II 
852 |a INST  |b CHIOS  |e 19950804  |h 330.015195 ADV  |p 005200003171  |q 005200003171  |t BK  |v Vol.I:  |y 0  |z Vol.I 
852 |a INST  |b CHIOS  |e 19950804  |h 330.015195 ADV  |p 005200003172  |q 005200003172  |t BK  |v Vol.II:  |y 0  |z Vol.II 
853 |a INST  |b CHIOS  |h 330.015195 ADV 
909 |a Χ  |b 031041 
909 |a Χ  |b 031042 
909 |a Χ  |b 040262 
909 |a Χ  |b 040263